Normal view
MARC view
Entry Personal Name
001 - CONTROL NUMBER
- control field: 234407
003 - CONTROL NUMBER IDENTIFIER
- control field: OSt
005 - DATE AND TIME OF LATEST TRANSACTION
- control field: 20250807101135.0
008 - FIXED-LENGTH DATA ELEMENTS
- fixed length control field: 250807|| aca||aabn | a|a d
040 ## - CATALOGING SOURCE
- Original cataloging agency: OSt
- Transcribing agency: OSt
100 ## - HEADING--PERSONAL NAME
- Personal name: TIRUMALE TATACHARYA SHARMA
- Dates associated with a name: ತಿರುಮಲೆ ತಾತಾಚಾರ್ಯ ಶರ್ಮ
670 ## - SOURCE DATA FOUND
- Source citation: Work cat.: (OSt)180161: TIRUMALE TATACHARYA SHARMA ತಿರುಮಲೆ ತಾತಾಚಾರ್ಯ ಶರ್ಮ, Vikranta Bharata., 1983